<?xml version="1.0" encoding="UTF-8"?>
<record
    xmlns:xsi="http://www.w3.org/2001/XMLSchema-instance"
    xsi:schemaLocation="http://www.loc.gov/MARC21/slim http://www.loc.gov/standards/marcxml/schema/MARC21slim.xsd"
    xmlns="http://www.loc.gov/MARC21/slim">

  <leader>03890cam a2200337 a 4500</leader>
  <controlfield tag="001">14336913</controlfield>
  <controlfield tag="005">20210414114120.0</controlfield>
  <controlfield tag="008">060411s2007    maua     b    000 0 eng  </controlfield>
  <datafield tag="010" ind1=" " ind2=" ">
    <subfield code="a">  2006012345</subfield>
  </datafield>
  <datafield tag="020" ind1=" " ind2=" ">
    <subfield code="a">0072994754 (alk. paper)</subfield>
  </datafield>
  <datafield tag="020" ind1=" " ind2=" ">
    <subfield code="a">9780072994759 (alk. paper)</subfield>
  </datafield>
  <datafield tag="040" ind1=" " ind2=" ">
    <subfield code="a">DLC</subfield>
    <subfield code="c">DLC</subfield>
    <subfield code="d">DLC</subfield>
  </datafield>
  <datafield tag="042" ind1=" " ind2=" ">
    <subfield code="a">pcc</subfield>
  </datafield>
  <datafield tag="050" ind1="0" ind2="0">
    <subfield code="a">HG4015.5.B78 </subfield>
  </datafield>
  <datafield tag="082" ind1="0" ind2="0">
    <subfield code="a">658.15</subfield>
    <subfield code="2">22</subfield>
  </datafield>
  <datafield tag="100" ind1="1" ind2=" ">
    <subfield code="a">Bruner, Robert F.,</subfield>
    <subfield code="d">1949-</subfield>
  </datafield>
  <datafield tag="245" ind1="1" ind2="0">
    <subfield code="a">Case studies in finance : managing for corporate value creation. /</subfield>
    <subfield code="c">Robert F. Bruner.</subfield>
  </datafield>
  <datafield tag="250" ind1=" " ind2=" ">
    <subfield code="a">5th ed.</subfield>
  </datafield>
  <datafield tag="260" ind1=" " ind2=" ">
    <subfield code="a">Boston :</subfield>
    <subfield code="b">McGraw-Hill/Irwin,</subfield>
    <subfield code="c">2007.</subfield>
  </datafield>
  <datafield tag="300" ind1=" " ind2=" ">
    <subfield code="a">xlvii, 785 p. :</subfield>
    <subfield code="b">ill. ;</subfield>
    <subfield code="c">24 cm.</subfield>
  </datafield>
  <datafield tag="440" ind1=" " ind2="4">
    <subfield code="a">The McGraw-Hill/Irwin series in finance, insurance and real estate</subfield>
  </datafield>
  <datafield tag="504" ind1=" " ind2=" ">
    <subfield code="a">Includes bibliographical references.</subfield>
  </datafield>
  <datafield tag="505" ind1=" " ind2=" ">
    <subfield code="a">Contents:  Setting some themes: Warren E. Buffett, 2005 -- Bill Miller and Value Trust --Ben &amp; Jerry's Homemade --The battle for value : Fedex Corp. vs. United Parcel Service, Inc. -- Financial analysis and forecasting: The financial detective, 2005 -- Krispy Kreme Doughnuts, Inc. -- The Body Shop International PLC 2001 : An introduction to financial modeling -- Padgett Paper Products Company -- Kota Fibres, Ltd. --Deutsche Brauerei -- Servervault : "reliable, secure, and wicked fast" -- Estimating the cost of capital: "Best practices" in estimating the cost of capital : survey and synthesis -- Nike Inc. : the cost of capital -- Coke versus Pepsi, 2001 -- Teletech Corporation, 2005 -- The Boeing 7E7 -- Capital budgeting and resource allocation: The investment detective -- Fonderia di Torino S.p.A. --Compass Records -- Diamond Chemicals plc (A) : the Merseyside project -- Diamond Chemicals plc (B) : Merseyside and Rotterdam projects --Genzyme/Geltex Pharmaceuticals joint venture -- Euroland Foods S.A. -- Star River Electronics Ltd. -- Management of the firm's equity, dividends, repurchases, initial offerings: Gainesboro Machine Tools Corporation --JetBlue Airways IPO valuation -- Purinex, Inc. -- Management of the corporate capital structure: An introduction to debt policy and value -- Structuring corporate financial policy : diagnosis of problems and evaluation of strategies -- The Wm. Wrigley Jr. Company : capital structure, valuation, and cost of capital -- Deluxe Corporation -- Rosario Acero S.A. -- Deutsche Bank Securities : financing the acquisition of Consolidated Supply S.A. -- Threshold Sports, LLC -- Analysis of finanicing tactics: leases, options and foreign currency: Merton Electronics Corporation -- Carrefour S.A. -- National Railroad Passenger Corporation ("Amtrak") : Acela Financing -- Primus Automation Division, 2002 -- Corning Inc. : zero coupon convertible debentures due November 8, 2015 (A) -- Enron Corporation's weather derivatives (A) -- Valuing the enterprise: acquisitions and buyouts:  Arcadian Microarray Technologies, Inc. -- Yeats Valves and Controls, Inc. -- Chrysler Corporation : negotiations between Daimler and Chrysler --  Palamon Capital Partners/Team System S.p.A. --  General Mills' acquisition of Pillsbury from Diageo PLC --Printicomm's proposed acquisition of Digitech : negotiating price and form of payment -- Structuring Repsol's acquisition of YPF S.A. (A) -- Hostile takeovers : a primer for the decision maker -- General Electric's proposed acquisition of Honeywell -- The Hilton-ITT Wars. </subfield>
  </datafield>
  <datafield tag="650" ind1=" " ind2="0">
    <subfield code="a">Corporations</subfield>
    <subfield code="x">Finance</subfield>
    <subfield code="v">Case studies.</subfield>
  </datafield>
  <datafield tag="650" ind1=" " ind2="0">
    <subfield code="a">International business enterprises</subfield>
    <subfield code="x">Finance</subfield>
    <subfield code="v">Case studies.</subfield>
  </datafield>
  <datafield tag="856" ind1="4" ind2="2">
    <subfield code="3">Publisher description</subfield>
    <subfield code="u">http://www.loc.gov/catdir/enhancements/fy0634/2006012345-d.html</subfield>
  </datafield>
  <datafield tag="856" ind1="4" ind2="1">
    <subfield code="3">Table of contents only</subfield>
    <subfield code="u">http://www.loc.gov/catdir/enhancements/fy0634/2006012345-t.html</subfield>
  </datafield>
  <datafield tag="906" ind1=" " ind2=" ">
    <subfield code="a">7</subfield>
    <subfield code="b">cbc</subfield>
    <subfield code="c">orignew</subfield>
    <subfield code="d">1</subfield>
    <subfield code="e">ecip</subfield>
    <subfield code="f">20</subfield>
    <subfield code="g">y-gencatlg</subfield>
  </datafield>
  <datafield tag="942" ind1=" " ind2=" ">
    <subfield code="2">lcc</subfield>
    <subfield code="c">BK</subfield>
  </datafield>
  <datafield tag="999" ind1=" " ind2=" ">
    <subfield code="c">2046</subfield>
    <subfield code="d">9546</subfield>
  </datafield>
  <datafield tag="952" ind1=" " ind2=" ">
    <subfield code="0">0</subfield>
    <subfield code="1">0</subfield>
    <subfield code="2">lcc</subfield>
    <subfield code="4">0</subfield>
    <subfield code="7">0</subfield>
    <subfield code="a">WIUC-1</subfield>
    <subfield code="b">WIUC-1</subfield>
    <subfield code="c">GEN</subfield>
    <subfield code="d">2012-08-17</subfield>
    <subfield code="l">0</subfield>
    <subfield code="o">HG4015.5 .B78 </subfield>
    <subfield code="p">3273/12</subfield>
    <subfield code="r">2012-08-17 00:00:00</subfield>
    <subfield code="w">2012-08-17</subfield>
    <subfield code="y">BK</subfield>
  </datafield>
  <datafield tag="952" ind1=" " ind2=" ">
    <subfield code="0">0</subfield>
    <subfield code="1">0</subfield>
    <subfield code="2">lcc</subfield>
    <subfield code="4">0</subfield>
    <subfield code="7">0</subfield>
    <subfield code="a">WIUC-KL</subfield>
    <subfield code="b">WIUC-KL</subfield>
    <subfield code="c">GEN</subfield>
    <subfield code="d">2019-11-04</subfield>
    <subfield code="l">0</subfield>
    <subfield code="o">HG4015.5 .B78(5e)</subfield>
    <subfield code="p">K/1220/1220/19</subfield>
    <subfield code="r">2021-09-30 00:00:00</subfield>
    <subfield code="t">1</subfield>
    <subfield code="w">2012-08-17</subfield>
    <subfield code="y">BK</subfield>
  </datafield>
  <datafield tag="952" ind1=" " ind2=" ">
    <subfield code="0">0</subfield>
    <subfield code="1">0</subfield>
    <subfield code="2">lcc</subfield>
    <subfield code="4">0</subfield>
    <subfield code="7">0</subfield>
    <subfield code="a">WIUC-KL</subfield>
    <subfield code="b">WIUC-KL</subfield>
    <subfield code="c">GEN</subfield>
    <subfield code="d">2019-11-04</subfield>
    <subfield code="l">0</subfield>
    <subfield code="o">HG4015.5 .B781(5e)</subfield>
    <subfield code="p">K/1221/1221/19</subfield>
    <subfield code="r">2021-09-30 00:00:00</subfield>
    <subfield code="t">2</subfield>
    <subfield code="w">2012-08-17</subfield>
    <subfield code="y">BK</subfield>
  </datafield>
</record>
